000
00325 a2200121 4500
001
ART_6677
005
20260410161620.0
008
260409a
245
1
0
_a
Instrumento de renta fija
100
1
_a
Tapia, Gustavo N.
700
1
_a
Ariganello, Claudio
773
0
_t
Enfoques
_g
- NÂș 12 (dic. 2009)
_w
REV416
999
_c
11487
_d
11487